banner koha

Um cenáculo na paulicéia: (Registro n. 8511)

MARC details
000 -LÍDER
campo de controle de tamanho fixo 01087nam a2200229 a 4500
001 - NÚMERO DE CONTROLE
campo de controle BS0003449
003 - IDENTIFICADOR DO NÚMERO DE CONTROLE
campo de controle BR-BrBNA
005 - DATA E HORÁRIO DA ÚLTIMA TRANSAÇÃO
campo de controle 20231010162733.0
008 - CAMPO DE DADOS FIXOS--INFORMAÇÃO GERAL
campo de controle de tamanho fixo 230308b |||||||| |||| 00| 0 por d
040 ## - FONTE DA CATALOGAÇÃO
Instituição da catalogação original BR-BrBNA
Idioma da catalogação por
Instituição que transcreveu o registro Biblioteca Nacional de Agricultura
041 ## - CÓDIGO DE IDIOMA
Código do idioma do texto/trilha sonora ou título diferente por
072 ## - CÓDIGO DE CATEGORIA DE ASSUNTO
Código de Categoria de Assunto S86
090 ## - NÚMERO DE CHAMADA LOCAL
Número de chamada S86
Chave BR BS0003449
100 1# - ENTRADA PRINCIPAL--NOME PESSOAL
Nome pessoal Barbosa, Alaor
245 1# - TÍTULO
Título Um cenáculo na paulicéia:
Restante do título um estudo sobre Monteiro Lobato, Godofredo Rangel, José Antônio Nogueira, Ricardo Gonçalves, Raul de Freitas e Albino de Camargo /
260 3# - PUBLICAÇÃO, DISTRIBUIÇÃO, ETC.
Local de publicação, distribuição, etc. Brasília, DF:
Nome do editor, distribuidor, etc. Projecto Editorial,
Data da publicação, distribuição, etc. 2002.
300 ## - DESCRIÇÃO FÍSICA
Extensão 296 p.
520 3# - NOTA DE RESUMO, ETC
Resumo, etc. Alaor Barbosa trouxe para o ensaio literário sua autoridade de ficcionista, sua mão de mestre. Incluído pelo autorizado crítico Wilson Martins na galeria dos mais importantes criadores da literatura universal, apresentou-nos fora da ficção este trabalho, em que recupera um importante período de nossa história literária: os primeiros 25 anos do século XX.
650 ## - ASSUNTO--TERMO TÓPICO
Cabeçalho tópico ou nome geográfico LITERATURA BRASILEIRA
650 ## - ASSUNTO--TERMO TÓPICO
Cabeçalho tópico ou nome geográfico CRÍTICA LITERÁRIA
942 ## - ELEMENTOS DE ENTRADA ADICIONADOS (KOHA)
Tipo de material Koha Livros
Fonte da classificação ou esquema de arquivamento na estante Classificação AGRIS
Exemplares
Situação do descarte Fonte da classificação ou esquema de arquivamento na estante Situação física Não pode ser emprestado Coleção Biblioteca de origem Biblioteca atual Total de empréstimos Número de telefone completo Código de barras Data de último acesso Número do exemplar Tipo de material Koha Situação das perdas Data de aquisição Fonte de aquisição Qualificador de local codificado
  Classificação AGRIS     Acervo Cultural Biblioteca Nacional de Agricultura - Binagri Biblioteca Nacional de Agricultura - Binagri   S86 BS0003449 S86 BS0003449 12/04/2023 01 Livros   2023-04-04 Doação S86

BINAGRI

Telefone: (61)3218-2567/2388/3357/2097 - binagri@agro.gov.br

Ministério da Agricultura e Pecuária , Esplanada dos Ministérios, Bloco D, Anexo B, Brasília/DF, CEP: 70.043-900